Welcome to the Holygrace Academy Library

Please use search bar below to get started

MORAL STORY BOOK (Record no. 5405)

MARC details
000 -LEADER
fixed length control field 00259nam a22001097a 4500
082 ## - DEWEY DECIMAL CLASSIFICATION NUMBER
Classification number 823
Item number SRI/M
245 ## - TITLE STATEMENT
Title MORAL STORY BOOK
260 ## - PUBLICATION, DISTRIBUTION, ETC. (IMPRINT)
Place of publication MADURAI
Name of publisher SRI RAM PUBLICATIONS
520 ## - SUMMARY, ETC.
Summary, etc ENGLISH SHORT STORY
650 ## - SUBJECT ADDED ENTRY--TOPICAL TERM
Topical Term ENGLISH SHORT STORY
Geographic subdivision MADURAI
942 ## - ADDED ENTRY ELEMENTS (KOHA)
Koha item type Books
Holdings
Withdrawn status Lost status Collection code Home library Current library Shelving location Date acquired Source of acquisition Full call number Accession Number Koha item type
    Fiction Main Library Main Library SHELF 3- I- ENGLISH CHILDRENS LITERATURE &MYTHOLOGY 05/05/2015 PURCHASE 823 SRI/M 09344 Books